banner-ar

ARAB STATES OF THE LOWER GULF: PEOPLE, POLITICS AND PETROLEUM / (Record no. 15009)

MARC details
000 -الفاتح
حقل البيانات ثابتة الطول 00555nam a2200193Ia 4500
008 - عناصر البيانات ثابتة الطول - معلومات عامة
حقل البيانات ثابتة الطول 140319s9999 xx 000 0 eng d
040 ## - مصدر الفهرسة
وكالة الفهرسة الأصلية GCL /
وكالة النسخ GCL
082 04 - رقم تصنيف ديوى العشرى
رقم التصنيف 320.953
رقم المادة A A
100 1# - المدخل الرئيسى - إسم شخصى
الإسم الشخصى ANTHONY, JOHN DUKE
245 10 - بيان العنوان
العنوان ARAB STATES OF THE LOWER GULF: PEOPLE, POLITICS AND PETROLEUM /
بيان المسئوليه,etc ANTHONY, JOHN DUKE
260 ## - PUBLICATION, DISTRIBUTION, ETC. (IMPRINT)
تاريخ النشر أو التوزيع 1975
300 ## - الوصف المادى
التعداد 273 P
650 04 - المدخل الاضافى بالموضوع-مصطلح موضوعى
مصطلح موضوعي QATAR
650 04 - المدخل الاضافى بالموضوع-مصطلح موضوعى
مصطلح موضوعي GULF STATES - HISTORY
650 04 - المدخل الاضافى بالموضوع-مصطلح موضوعى
مصطلح موضوعي BAHRAIN
650 04 - المدخل الاضافى بالموضوع-مصطلح موضوعى
مصطلح موضوعي UNITED ARAB EMIRATES - POLICY
942 ## - عناصر المدخل الإضافي( كوها)
مصدر التصنيف او مخطط الترفيف Dewey Decimal Classification
Koha [default] item type كتاب
260 ## - PUBLICATION, DISTRIBUTION, ETC. (IMPRINT)
-- [S.N] :
-- THE MIDDLE EAST INSTITUTE ،
Holdings
حالة التراجع حالة الفقد حالة تلف ليس للاعارة المكان المؤقت الموقع الحالى تاريخ الاكتساب اجمالي اﻻعارات رقم الطلب الباركود تاريخ اخر مشاهدة تاريخ تفعيل السعر نوع وعاء كوها
        مكتبة القاهرة الكبرى مكتبة القاهرة الكبرى 03/26/2014   320.953\A A 28012 03/26/2014 03/26/2014 كتاب

Powered By

EGPV